| 000 | 00694nam a2200253 a 4500 | ||
|---|---|---|---|
| 001 | 4577 | ||
| 003 | UkOxU | ||
| 005 | 20211208233921.0 | ||
| 008 | 131223s1970 pk 001 0 eng d | ||
| 020 | _a0198281889 | ||
| 035 | _a0198281889 | ||
| 040 |
_aPSV _cPSV _dm.c _beng |
||
| 041 | _aeng | ||
| 082 |
_219 _a340.1 _bQUL 1970 |
||
| 100 | 1 |
_a Qureshi, M H _914448 |
|
| 245 | 1 | 0 | _aLectures on jurisprudence / |
| 260 |
_aKarachi, _bPakistan Pub. House, _c1970 |
||
| 300 |
_a v, 191 p. _c 22 cm. |
||
| 650 | 0 |
_aJurisprudence. _914449 |
|
| 700 | 1 |
_aMeek, Ronald L. _98463 |
|
| 700 | 1 |
_aRaphael, D. D. _q(David Daiches), _d1916- _914450 |
|
| 700 | 1 |
_aStein, Peter, _d1926- _914451 |
|
| 942 |
_2ddc _cBK |
||
| 999 |
_c4577 _d4577 |
||